[Event "ESP-chT Once"]
[Site "Vigo"]
[Date "2003.11.06"]
[Round "5"]
[White "Burdio Gracia, Delfin"]
[Black "Diez del Corral, Jesus"]
[Result "1-0"]
[WhiteElo "2058"]
[BlackElo "2415"]
[PlyCount "138"]
[EventDate "2003.11.02"]
[EventType "team"]
[EventRounds "7"]
[EventCountry "ESP"]
[SourceTitle "EXT 2004"]
[Source "ChessBase"]
[SourceDate "2003.11.25"]
[SourceVersion "1"]
[SourceVersionDate "2003.11.25"]
[SourceQuality "1"]

1. d4 Nf6 2. Nf3 g6 3. Bg5 Bg7 4. Nbd2 d5 5. c3 0-0 6. e3 b6 7. Bd3 Bb7 8. 0-0 Nbd7 9. Qe2 a6 10. Rfe1 Ne4 11. Bh4 c5 12. Bc2 Ndf6 13. Ne5 h6 14. f3 Nxd2 15. Qxd2 Nd7 16. Nxd7 Qxd7 17. Rad1 f5 18. f4 Rad8 19. Qf2 Qc7 20. Rd2 Bf6 21. Bg3 e6 22. h3 Rf7 23. Qf3 Rg7 24. Kh2 Kf7 25. Rg1 Rh8 26. a3 Be7 27. Bb3 Bd6 28. Bd1 h5 29. h4 Qd8 30. Qf2 Kf6 31. Bf3 Rc7 32. Qe2 Qe7 33. Rc1 Rhc8 34. Ra1 Rc6 35. c4 cxd4 36. cxd5 exd5 37. exd4 Qxe2 38. Rxe2 Rc2 39. Rae1 Rxe2 40. Rxe2 Rc4 41. Rd2 Ke6 42. Be2 Rc7 43. Kh3 Rc1 44. Bh2 Rh1 45. g3 Rc1 46. Kg2 b5 47. Bg1 b4 48. a4 b3 49. Bd1 Bb4 50. Re2+ Kd6 51. Bxb3 a5 52. Be3 Ra1 53. Bc2 Bc6 54. b3 Bb7 55. Bd2 Bxd2 56. Rxd2 Ba6 57. Bd3 Bxd3 58. Rxd3 Rb1 59. Kf3 Kc6 60. Ke2 Kd6 61. Kd2 Rg1 62. Kc2 Kc6 63. Kb2 Kd6 64. Rc3 Rd1 65. Rc5 Rxd4 66. Rxa5 Rd3 67. Ra6+ Kc5 68. Rxg6 Kb4 69. Rb6+ Kc5 1-0

[Event "Costa del Sol-23"]
[Site "Torremolinos"]
[Date "1983.02.05"]
[Round "3"]
[White "Roos, Daniel"]
[Black "Diez del Corral, Jesus"]
[Result "0-1"]
[WhiteElo "2415"]
[BlackElo "2430"]
[PlyCount "76"]
[EventDate "1983.02.03"]
[EventType "tourn"]
[EventRounds "9"]
[EventCountry "ESP"]
[EventCategory "7"]
[SourceTitle "MCD"]
[Source "ChessBase"]
[SourceDate "1999.07.01"]
[SourceVersion "1"]
[SourceVersionDate "1999.07.01"]
[SourceQuality "1"]

1. e4 g6 2. Nc3 Bg7 3. g3 e5 4. Bg2 d6 5. d3 Ne7 6. f4 Nbc6 7. Nf3 0-0 8. 0-0 h6 9. Be3 exf4 10. Bxf4 g5 11. Be3 Ng6 12. Qd2 f5 13. exf5 Bxf5 14. Ne2 Qd7 15. Nfd4 Bh3 16. Bxh3 Qxh3 17. Nxc6 bxc6 18. Bd4 Be5 19. Qe3 Nh4 20. Qe4 Rf3 21. Qxf3 Nxf3+ 22. Rxf3 Bxd4+ 23. Nxd4 Qg4 24. c3 c5 25. h3 Qxh3 26. Nf5 Rf8 27. Raf1 Rxf5 28. Rxf5 Qxg3+ 29. Kh1 Qxd3 30. Kg2 g4 31. R1f4 Qh3+ 32. Kf2 Qh4+ 33. Kg2 Kg7 34. Rf8 Qe7 35. R8f5 Kg6 36. Kg3 Qe6 37. Rf8 h5 38. Rf2 Kg5 0-1

[Event "Olympiad-25"]
[Site "Luzern"]
[Date "1982.11.13"]
[Round "13"]
[White "Diez del Corral, Jesus"]
[Black "Ardiansyah, Haji"]
[Result "1/2-1/2"]
[WhiteElo "2475"]
[BlackElo "2395"]
[PlyCount "87"]
[EventDate "1982.10.30"]
[EventType "team-swiss"]
[EventRounds "14"]
[EventCountry "SUI"]
[SourceTitle "EXT 1997"]
[Source "ChessBase"]
[SourceDate "1996.11.15"]
[SourceVersion "1"]
[SourceVersionDate "1996.11.15"]
[SourceQuality "1"]
[WhiteTeam "Spain"]
[BlackTeam "Indonesia"]
[WhiteTeamCountry "ESP"]
[BlackTeamCountry "INA"]

1. e4 e5 2. Nf3 Nc6 3. Bb5 Nge7 4. Nc3 Ng6 5. d3 a6 6. Ba4 b5 7. Bb3 Na5 8. Be3 Bb7 9. 0-0 Be7 10. Ne2 Nxb3 11. axb3 d5 12. Ng3 0-0 13. c4 dxe4 14. dxe4 Qxd1 15. Rfxd1 h5 16. Nd2 h4 17. Nf5 Bb4 18. f3 h3 19. gxh3 Nf4 20. h4 g6 21. Nh6+ Kg7 22. Ng4 f6 23. Nf1 Bc6 24. Ng3 bxc4 25. bxc4 a5 26. h5 gxh5 27. Nf2 f5 28. Nxf5+ Rxf5 29. exf5 Bxf3 30. Bxf4 exf4 31. Rd4 Kf6 32. Rxf4 Be2 33. Ne4+ Ke5 34. Rh4 Rg8+ 35. Kf2 Bxc4 36. Rc1 Bd5 37. Ng3 c6 38. Ke3 Rb8 39. Rxh5 Be7 40. f6+ Kxf6 41. Ne4+ Kg6 42. Re5 Bd8 43. Rc2 Rb3+ 44. Nc3 1/2-1/2

[Event "Olympiad-25"]
[Site "Luzern"]
[Date "1982.11.12"]
[Round "12"]
[White "Timman, Jan H"]
[Black "Diez del Corral, Jesus"]
[Result "1-0"]
[WhiteElo "2655"]
[BlackElo "2475"]
[PlyCount "52"]
[EventDate "1982.10.30"]
[EventType "team-swiss"]
[EventRounds "14"]
[EventCountry "SUI"]
[SourceTitle "EXT 1997"]
[Source "ChessBase"]
[SourceDate "1996.11.15"]
[SourceVersion "1"]
[SourceVersionDate "1996.11.15"]
[SourceQuality "1"]
[WhiteTeam "Netherlands"]
[BlackTeam "Spain"]
[WhiteTeamCountry "NED"]
[BlackTeamCountry "ESP"]

1. d4 Nf6 2. c4 g6 3. Nc3 Bg7 4. e4 d6 5. f3 0-0 6. Be3 e5 7. d5 Ne8 8. Qd2 f5 9. exf5 gxf5 10. 0-0-0 Na6 11. Bd3 Nc5 12. Bc2 Qh4 13. f4 Ne4 14. Nxe4 fxe4 15. Ne2 Bg4 16. fxe5 Bxe5 17. h3 Bxe2 18. Qxe2 Ng7 19. Qg4 Qxg4 20. hxg4 Bf4 21. Kd2 Rf6 22. Bxe4 h6 23. Rdf1 Raf8 24. Rf3 Bxe3+ 25. Kxe3 R8f7 26. Rfh3 h5 1-0

[Event "Costa del Sol-21"]
[Site "Torremolinos"]
[Date "1981.04.29"]
[Round "8"]
[White "Calvo Minguez, Ricardo"]
[Black "Diez del Corral, Jesus"]
[Result "1-0"]
[WhiteElo "2410"]
[BlackElo "2480"]
[PlyCount "115"]
[EventDate "1981.04.21"]
[EventType "tourn"]
[EventRounds "11"]
[EventCountry "ESP"]
[EventCategory "9"]
[SourceTitle "MCD"]
[Source "ChessBase"]
[SourceDate "1999.07.01"]
[SourceVersion "1"]
[SourceVersionDate "1999.07.01"]
[SourceQuality "1"]

1. d4 Nf6 2. c4 g6 3. Nc3 Bg7 4. e4 d6 5. f4 c5 6. d5 0-0 7. Be2 e6 8. Nf3 exd5 9. e5 Ne4 10. cxd5 Nxc3 11. bxc3 Nd7 12. 0-0 dxe5 13. Ng5 h6 14. Ne4 f5 15. Nd6 e4 16. Rb1 Nb6 17. Nxc8 Rxc8 18. c4 Bd4+ 19. Kh1 Rc7 20. Rb3 Nc8 21. Rh3 Rh7 22. Qa4 a6 23. Bd2 Nd6 24. Rb1 Qe7 25. Rb6 e3 26. Be1 g5 27. fxg5 hxg5 28. Rxh7 Kxh7 29. Qb3 Rf6 30. Kg1 Kg7 31. a4 Rh6 32. a5 Be5 33. Bc3 Bxc3 34. Qxc3+ Kf7 35. Rb3 Rh4 36. g3 Rd4 37. Qxe3 Re4 38. Bh5+ Kg8 39. Qd3 g4 40. h3 Re1+ 41. Kf2 gxh3 42. Bf3 Ra1 43. Qc3 Ra2+ 44. Rb2 Rxb2+ 45. Qxb2 Nxc4 46. Qc1 Ne5 47. d6 Qf6 48. Qd1 Nxf3 49. Kxf3 Qf7 50. Kf4 Qd7 51. Qb3+ Kg7 52. Qc3+ Kg6 53. g4 Qa4+ 54. Ke3 Qd4+ 55. Qxd4 cxd4+ 56. Kf2 h2 57. Kg2 Kf7 58. g5 1-0

[Event "Costa del Sol-21"]
[Site "Torremolinos"]
[Date "1981.04.26"]
[Round "6"]
[White "Fernandez Garcia, Jose Luis"]
[Black "Diez del Corral, Jesus"]
[Result "0-1"]
[WhiteElo "2415"]
[BlackElo "2480"]
[PlyCount "90"]
[EventDate "1981.04.21"]
[EventType "tourn"]
[EventRounds "11"]
[EventCountry "ESP"]
[EventCategory "9"]
[SourceTitle "MCD"]
[Source "ChessBase"]
[SourceDate "1999.07.01"]
[SourceVersion "1"]
[SourceVersionDate "1999.07.01"]
[SourceQuality "1"]

1. e4 g6 2. d4 c6 3. Nf3 Bg7 4. h3 d6 5. Nc3 Nd7 6. Bc4 Nb6 7. Bb3 e6 8. a4 a5 9. Bg5 Ne7 10. h4 h6 11. Bf4 Qc7 12. Qd2 Bd7 13. 0-0-0 Nbc8 14. Qd3 Rb8 15. d5 cxd5 16. exd5 e5 17. Bxe5 dxe5 18. d6 Nxd6 19. Qxd6 Qxd6 20. Rxd6 Bc6 21. Rhd1 Bxf3 22. gxf3 Nf5 23. Rb6 Nxh4 24. Bd5 0-0 25. Rh1 g5 26. Ne4 Rfd8 27. c4 Nf5 28. Nf6+ Kf8 29. Re1 Nd6 30. Nh5 Bh8 31. Kb1 Rbc8 32. b3 e4 33. fxe4 Bd4 34. Rxd6 Rxd6 35. e5 Rb6 36. Kc2 Re8 37. f4 gxf4 38. Rf1 Bxe5 39. Rf3 Ke7 40. Nxf4 Rf6 41. Nd3 Rxf3 42. Bxf3 Bd4 43. Bxb7 Kd6 44. b4 axb4 45. a5 Re2+ 0-1

[Event "Costa del Sol-21"]
[Site "Torremolinos"]
[Date "1981.04.22"]
[Round "2"]
[White "Vera Gonzalez Quevedo, Reynaldo"]
[Black "Diez del Corral, Jesus"]
[Result "1/2-1/2"]
[WhiteElo "2455"]
[BlackElo "2480"]
[PlyCount "65"]
[EventDate "1981.04.21"]
[EventType "tourn"]
[EventRounds "11"]
[EventCountry "ESP"]
[EventCategory "9"]
[SourceTitle "MCD"]
[Source "ChessBase"]
[SourceDate "1999.07.01"]
[SourceVersion "1"]
[SourceVersionDate "1999.07.01"]
[SourceQuality "1"]

1. d4 Nf6 2. c4 g6 3. Nc3 Bg7 4. e4 d6 5. f3 0-0 6. Bg5 c6 7. Qd2 a6 8. Nge2 b5 9. Nc1 Nbd7 10. a4 bxc4 11. Bxc4 c5 12. d5 Nb6 13. Be2 Rb8 14. 0-0 Re8 15. Ra3 Na8 16. Nb3 Qb6 17. Rb1 e6 18. Na1 Nc7 19. Rb3 Qa7 20. Rxb8 Qxb8 21. dxe6 Nxe6 22. Be3 Nd4 23. Bc4 Nd7 24. Kh1 Ne5 25. Bd5 Qb4 26. Nc2 Nxc2 27. Qxc2 Nc4 28. Na2 Nxe3 29. Nxb4 Nxc2 30. Nxc2 Be6 31. Ne3 Bxd5 32. Nxd5 f5 33. b4 1/2-1/2

[Event "Olympiad-24"]
[Site "Valetta"]
[Date "1980.12.03"]
[Round "12"]
[White "Diez del Corral, Jesus"]
[Black "Westerinen, Heikki MJ"]
[Result "1-0"]
[WhiteElo "2485"]
[BlackElo "2470"]
[PlyCount "81"]
[EventDate "1980.11.20"]
[EventType "team-swiss"]
[EventRounds "14"]
[EventCountry "MLT"]
[SourceTitle "EXT 2000"]
[Source "ChessBase"]
[SourceDate "1999.11.16"]
[SourceVersion "1"]
[SourceVersionDate "1999.11.16"]
[SourceQuality "1"]
[WhiteTeam "Spain"]
[BlackTeam "Finland"]
[WhiteTeamCountry "ESP"]
[BlackTeamCountry "FIN"]

1. d4 Nf6 2. c4 g6 3. Nc3 Bg7 4. e4 d6 5. Be2 0-0 6. Nf3 e5 7. d5 a5 8. Bg5 h6 9. Bh4 Qe8 10. Nd2 Nh7 11. f3 Na6 12. Bf2 Bd7 13. a3 b6 14. Qc2 f5 15. 0-0-0 Nf6 16. Be3 Nc5 17. Nb5 Qc8 18. Rhg1 g5 19. Bxc5 bxc5 20. exf5 Kh8 21. Nc3 Bxf5 22. Nde4 Nxe4 23. fxe4 Bg6 24. Rdf1 Rf4 25. g3 Rxf1+ 26. Rxf1 Qh3 27. Rf2 Rf8 28. Bd3 Qd7 29. Rxf8+ Bxf8 30. Qf2 Be7 31. Qd2 Bd8 32. Nb5 c6 33. dxc6 Qxc6 34. Bc2 Bc7 35. Qd5 Qxd5 36. exd5 Bxc2 37. Kxc2 Bb8 38. Kb3 Kg7 39. Ka4 Kf6 40. Kxa5 e4 41. Kb6 1-0

[Event "Olympiad-24"]
[Site "Valetta"]
[Date "1980.11.30"]
[Round "10"]
[White "Diez del Corral, Jesus"]
[Black "Pfleger, Helmut"]
[Result "1/2-1/2"]
[WhiteElo "2485"]
[BlackElo "2525"]
[PlyCount "105"]
[EventDate "1980.11.20"]
[EventType "team-swiss"]
[EventRounds "14"]
[EventCountry "MLT"]
[SourceTitle "EXT 2000"]
[Source "ChessBase"]
[SourceDate "1999.11.16"]
[SourceVersion "1"]
[SourceVersionDate "1999.11.16"]
[SourceQuality "1"]
[WhiteTeam "Spain"]
[BlackTeam "Germany"]
[WhiteTeamCountry "ESP"]
[BlackTeamCountry "GER"]

1. e4 d6 2. d4 Nf6 3. Nc3 g6 4. Bg5 Bg7 5. Qd2 h6 6. Bf4 Nc6 7. d5 Ne5 8. f3 c6 9. Bxe5 dxe5 10. dxc6 Qxd2+ 11. Kxd2 bxc6 12. Bc4 h5 13. h4 Nd7 14. Na4 Bh6+ 15. Ke2 Nb6 16. Nxb6 axb6 17. Nh3 b5 18. Bd3 Be6 19. Nf2 f6 20. Nd1 Kf7 21. Ne3 Ra5 22. a3 Rha8 23. c3 c5 24. Rab1 Rb8 25. Rhd1 Bf4 26. Nd5 Bxd5 27. exd5 c4 28. Bc2 Ra6 29. g3 Bxg3 30. Rg1 Bxh4 31. Bxg6+ Kf8 32. Rh1 Bg5 33. Rxh5 Kg7 34. Bf5 Rh8 35. Rxh8 Kxh8 36. Rh1+ Kg8 37. Rh7 Rd6 38. Rxe7 Kf8 39. Rd7 Rxd7 40. Bxd7 Bc1 41. Bxb5 Bxb2 42. a4 Bxc3 43. Bxc4 Ke7 44. Bb3 f5 45. Kd3 Be1 46. Kc4 Kd6 47. Bc2 e4 48. Bxe4 fxe4 49. fxe4 Bf2 50. a5 Be3 51. Kb5 Bd4 52. Kb4 Be3 53. a6 1/2-1/2

[Event "Olympiad-24"]
[Site "Valetta"]
[Date "1980.11.26"]
[Round "6"]
[White "Hebert, Jean"]
[Black "Diez del Corral, Jesus"]
[Result "1-0"]
[WhiteElo "2360"]
[BlackElo "2485"]
[PlyCount "97"]
[EventDate "1980.11.20"]
[EventType "team-swiss"]
[EventRounds "14"]
[EventCountry "MLT"]
[SourceTitle "EXT 2000"]
[Source "ChessBase"]
[SourceDate "1999.11.16"]
[SourceVersion "1"]
[SourceVersionDate "1999.11.16"]
[SourceQuality "1"]
[WhiteTeam "Canada"]
[BlackTeam "Spain"]
[WhiteTeamCountry "CAN"]
[BlackTeamCountry "ESP"]

1. g3 c5 2. Bg2 Nc6 3. f4 g6 4. d3 Bg7 5. e4 d6 6. Nf3 e6 7. c3 Nge7 8. Be3 b6 9. 0-0 0-0 10. a4 f6 11. Na3 d5 12. exd5 exd5 13. d4 c4 14. Nd2 Be6 15. Re1 Qd7 16. Bf2 Bg4 17. Bf3 h5 18. Nc2 Bxf3 19. Qxf3 Rfe8 20. Ne3 Rad8 21. f5 Nxf5 22. Nxf5 Rxe1+ 23. Rxe1 Qxf5 24. Qxf5 gxf5 25. Re6 Nb8 26. Nf3 Kf7 27. Re1 Re8 28. Be3 f4 29. Bxf4 Rxe1+ 30. Nxe1 Nc6 31. Kf2 a6 32. Ng2 b5 33. axb5 axb5 34. Be3 Ne7 35. Nf4 h4 36. gxh4 Bh6 37. Ng2 Bf8 38. h5 Nc8 39. Nf4 Nb6 40. Kf3 b4 41. Ng6 b3 42. Nxf8 Kxf8 43. Kg4 Nc8 44. Bf4 Kf7 45. h6 Ne7 46. Bd6 Ng6 47. h4 Ke6 48. h5 Nh8 49. Bf8 1-0

[Event "Olympiad-24"]
[Site "Valetta"]
[Date "1980.11.25"]
[Round "5"]
[White "Diez del Corral, Jesus"]
[Black "Toth, Bela"]
[Result "1-0"]
[WhiteElo "2485"]
[BlackElo "2390"]
[PlyCount "99"]
[EventDate "1980.11.20"]
[EventType "team-swiss"]
[EventRounds "14"]
[EventCountry "MLT"]
[SourceTitle "EXT 2000"]
[Source "ChessBase"]
[SourceDate "1999.11.16"]
[SourceVersion "1"]
[SourceVersionDate "1999.11.16"]
[SourceQuality "1"]
[WhiteTeam "Spain"]
[BlackTeam "Italy"]
[WhiteTeamCountry "ESP"]
[BlackTeamCountry "ITA"]

1. e4 e5 2. Nf3 Nf6 3. Nxe5 d6 4. Nf3 Nxe4 5. Nc3 Nf6 6. d4 Bf5 7. d5 Bg4 8. Be2 g6 9. 0-0 Bg7 10. Bb5+ Kf8 11. Be2 h6 12. h3 Bxf3 13. Bxf3 Kg8 14. Be3 Kh7 15. Qd2 Nbd7 16. Rfe1 Re8 17. Rad1 a6 18. a4 Nf8 19. Be2 Qd7 20. a5 Ng8 21. b4 f5 22. Bc4 Re7 23. Ne2 Rae8 24. Nf4 Nf6 25. f3 g5 26. Ne6 f4 27. Bd4 Nxe6 28. dxe6 Qd8 29. Qd3+ Kh8 30. c3 Ng8 31. Qe4 Bxd4+ 32. cxd4 Qb8 33. h4 Rg7 34. hxg5 Rxg5 35. Qxf4 d5 36. Bd3 c6 37. Qxb8 Rxb8 38. Kf2 Nf6 39. Re5 Kg7 40. Rde1 Rxe5 41. dxe5 Ne8 42. f4 Nc7 43. f5 b6 44. axb6 Rxb6 45. f6+ Kf8 46. e7+ Kf7 47. Be2 Rb8 48. Bh5+ Ke6 49. Bg4+ Kf7 50. Rc1 1-0

[Event "Olympiad-24"]
[Site "Valetta"]
[Date "1980.11.21"]
[Round "2"]
[White "Diez del Corral, Jesus"]
[Black "Sunye Neto, Jaime"]
[Result "1/2-1/2"]
[WhiteElo "2485"]
[BlackElo "2415"]
[PlyCount "66"]
[EventDate "1980.11.20"]
[EventType "team-swiss"]
[EventRounds "14"]
[EventCountry "MLT"]
[SourceTitle "EXT 2000"]
[Source "ChessBase"]
[SourceDate "1999.11.16"]
[SourceVersion "1"]
[SourceVersionDate "1999.11.16"]
[SourceQuality "1"]
[WhiteTeam "Spain"]
[BlackTeam "Brazil"]
[WhiteTeamCountry "ESP"]
[BlackTeamCountry "BRA"]

1. e4 c5 2. Nf3 d6 3. d4 cxd4 4. Nxd4 Nf6 5. Nc3 a6 6. g3 Nc6 7. Bg2 Bd7 8. 0-0 e6 9. b3 Be7 10. Bb2 0-0 11. Re1 Rc8 12. a4 Nxd4 13. Qxd4 Qc7 14. Re2 Rfd8 15. a5 Ne8 16. Na4 Bf6 17. Qd2 Bxb2 18. Nxb2 Qc3 19. Qxc3 Rxc3 20. Nd1 Rc7 21. Rd2 Kf8 22. Ne3 Bb5 23. c4 Bc6 24. e5 Bxg2 25. Kxg2 Rcd7 26. Rad1 Ke7 27. f4 dxe5 28. Rxd7+ Rxd7 29. Rxd7+ Kxd7 30. fxe5 Kc6 31. b4 b6 32. axb6 Kxb6 33. Kf3 a5 1/2-1/2

[Event "Buenos Aires Konex International"]
[Site "Buenos Aires"]
[Date "1979.07.26"]
[Round "11"]
[White "Diez del Corral, Jesus"]
[Black "Liberzon, Vladimir Mikhailovi"]
[Result "1/2-1/2"]
[WhiteElo "2485"]
[BlackElo "2515"]
[PlyCount "27"]
[EventDate "1979.07.12"]
[EventType "tourn"]
[EventRounds "13"]
[EventCountry "ARG"]
[EventCategory "10"]
[SourceTitle "MCL"]
[Source "ChessBase"]
[SourceDate "1999.07.01"]
[SourceVersion "1"]
[SourceVersionDate "1999.07.01"]
[SourceQuality "1"]

1. e4 c5 2. Nf3 e6 3. d3 Nc6 4. g3 g6 5. h4 h6 6. Bg2 Bg7 7. c3 e5 8. h5 g5 9. Nh2 d6 10. g4 Nf6 11. c4 Nd4 12. Nc3 Bd7 13. f3 Nh7 14. Nf1 1/2-1/2

[Event "Buenos Aires Konex International"]
[Site "Buenos Aires"]
[Date "1979.07.17"]
[Round "5"]
[White "Diez del Corral, Jesus"]
[Black "Trois, Francisco R Torres"]
[Result "1/2-1/2"]
[WhiteElo "2485"]
[BlackElo "2415"]
[PlyCount "45"]
[EventDate "1979.07.12"]
[EventType "tourn"]
[EventRounds "13"]
[EventCountry "ARG"]
[EventCategory "10"]
[SourceTitle "MCL"]
[Source "ChessBase"]
[SourceDate "1999.07.01"]
[SourceVersion "1"]
[SourceVersionDate "1999.07.01"]
[SourceQuality "1"]

1. d4 Nf6 2. c4 e6 3. Nc3 Bb4 4. a3 Bxc3+ 5. bxc3 0-0 6. f3 Ne8 7. e4 b6 8. Nh3 Ba6 9. Qa4 c5 10. Bg5 f6 11. Be3 d6 12. Nf4 Nc7 13. g3 Qe8 14. Qxe8 Rxe8 15. d5 exd5 16. Nxd5 Nxd5 17. cxd5 Bxf1 18. Rxf1 f5 19. 0-0-0 fxe4 20. Bf4 Nd7 21. Bxd6 Nf6 22. Bc7 Re7 23. d6 1/2-1/2

[Event "Buenos Aires Konex International"]
[Site "Buenos Aires"]
[Date "1979.07.16"]
[Round "4"]
[White "Schweber, Samuel"]
[Black "Diez del Corral, Jesus"]
[Result "1/2-1/2"]
[WhiteElo "2450"]
[BlackElo "2485"]
[PlyCount "115"]
[EventDate "1979.07.12"]
[EventType "tourn"]
[EventRounds "13"]
[EventCountry "ARG"]
[EventCategory "10"]
[SourceTitle "MCL"]
[Source "ChessBase"]
[SourceDate "1999.07.01"]
[SourceVersion "1"]
[SourceVersionDate "1999.07.01"]
[SourceQuality "1"]

1. c4 c5 2. Nf3 g6 3. e3 Bg7 4. Be2 Nf6 5. Qc2 Nc6 6. a3 0-0 7. d3 b6 8. 0-0 Bb7 9. b3 e6 10. Bb2 Rc8 11. Nbd2 Qe7 12. Bc3 Rfd8 13. Qb2 d5 14. b4 d4 15. exd4 cxd4 16. Nxd4 Nxd4 17. Bxd4 Rxd4 18. Qxd4 Nd5 19. Qg4 h5 20. Qg3 h4 21. Qf3 Nc3 22. Ne4 f5 23. Rae1 fxe4 24. Qg4 Kh7 25. Bd1 Nxd1 26. Rxd1 Qf6 27. dxe4 Rxc4 28. Rfe1 e5 29. h3 Rc2 30. Qf3 Qxf3 31. gxf3 Bc8 32. Rc1 Rxc1 33. Rxc1 Bxh3 34. Rc7 a6 35. Rc6 Bd7 36. Rxb6 Bb5 37. Kg2 Bf8 38. a4 Be2 39. b5 axb5 40. axb5 Kh6 41. Rf6 Bc5 42. b6 Bxb6 43. Rxb6 Kg5 44. Re6 Kf4 45. Rf6+ Kg5 46. Rf8 Bc4 47. Rc8 Be2 48. Rh8 Bc4 49. Rc8 Be2 50. Rh8 Bc4 51. Rc8 Be2 52. Rc2 Bd3 53. Rd2 Bc4 54. Rc2 Bd3 55. Rc7 Be2 56. Rf7 Bc4 57. Re7 Kf4 58. Kh3 1/2-1/2

[Event "Buenos Aires Konex International"]
[Site "Buenos Aires"]
[Date "1979.07.14"]
[Round "3"]
[White "Diez del Corral, Jesus"]
[Black "Rubinetti, Jorge Alberto"]
[Result "0-1"]
[WhiteElo "2485"]
[BlackElo "2430"]
[PlyCount "150"]
[EventDate "1979.07.12"]
[EventType "tourn"]
[EventRounds "13"]
[EventCountry "ARG"]
[EventCategory "10"]
[SourceTitle "MCL"]
[Source "ChessBase"]
[SourceDate "1999.07.01"]
[SourceVersion "1"]
[SourceVersionDate "1999.07.01"]
[SourceQuality "1"]

1. e4 e5 2. Nf3 Nc6 3. Bb5 a6 4. Ba4 Nf6 5. d3 d6 6. c3 Be7 7. Nbd2 0-0 8. 0-0 Nd7 9. Bc2 Bf6 10. b4 a5 11. b5 Ne7 12. Nc4 Ng6 13. d4 Re8 14. Be3 b6 15. Qd2 Bb7 16. d5 h6 17. Rab1 Be7 18. h3 Bc8 19. Kh2 Nf6 20. g3 Rf8 21. Ng1 h5 22. f4 h4 23. f5 hxg3+ 24. Kxg3 Nf4 25. Kh2 N6h5 26. Bd1 Bh4 27. Bxh5 Nxh5 28. Ne2 Kh7 29. Rg1 Rh8 30. Bg5 Bxg5 31. Rxg5 Kg8 32. Rbg1 Kf8 33. Qe3 Qf6 34. Qf3 Qh6 35. Ne3 Bd7 36. a4 Ke7 37. R5g2 Rh7 38. Rd1 Nf6 39. Ng4 Nxg4+ 40. Rxg4 Rah8 41. Ng1 g6 42. f6+ Kd8 43. Rg3 Qf4 44. Kg2 Rh4 45. Qxf4 Rxf4 46. Re1 Rxf6 47. Ree3 Rf4 48. Nf3 Ke7 49. c4 Rh6 50. c5 bxc5 51. Nd2 Rhh4 52. Re2 Rh8 53. Nc4 Ra8 54. Rge3 Rh4 55. Rb2 Rhh8 56. Rg3 Rh4 57. Re3 Rhh8 58. Rg3 Ra7 59. Re2 Rh4 60. Ree3 Ra8 61. Re2 Rah8 62. Nxa5 Bxh3+ 63. Kg1 Bg4 64. Nc6+ Kd7 65. Reg2 Rh1+ 66. Kf2 Bh3 67. Rg1 Rh2+ 68. Ke3 Ra2 69. a5 Ra3+ 70. Kf2 Ra2+ 71. Ke3 Rh4 72. Rf3 f5 73. Rxg6 f4+ 74. Kd3 Bf1+ 75. Kc3 Rhh2 0-1

[Event "Olympiad-23"]
[Site "Buenos Aires"]
[Date "1978.11.03"]
[Round "9"]
[White "Diez del Corral, Jesus"]
[Black "Kortschnoj, Viktor Lvovich"]
[Result "0-1"]
[WhiteElo "2360"]
[BlackElo "2665"]
[PlyCount "63"]
[EventDate "1978.10.25"]
[EventType "team-swiss"]
[EventRounds "14"]
[EventCountry "ARG"]
[SourceTitle "EXT 2000"]
[Source "ChessBase"]
[SourceDate "1999.11.16"]
[SourceVersion "1"]
[SourceVersionDate "1999.11.16"]
[SourceQuality "1"]
[WhiteTeam "Spain"]
[BlackTeam "Switzerland"]
[WhiteTeamCountry "ESP"]
[BlackTeamCountry "SUI"]

1. d4 Nf6 2. c4 e6 3. Nc3 Bb4 4. a3 Bxc3+ 5. bxc3 d6 6. f3 Nh5 7. Nh3 e5 8. Nf2 0-0 9. e4 Nc6 10. g4 Nf6 11. Bg5 b6 12. Qd2 Na5 13. Rb1 Ba6 14. Nd1 Bxc4 15. Bxc4 Nxc4 16. Qd3 d5 17. 0-0 h6 18. Bh4 c6 19. f4 exf4 20. e5 g5 21. exf6 Qxf6 22. Bf2 Qe6 23. Nb2 Nxa3 24. Rbe1 Qxg4+ 25. Kh1 Rae8 26. Re5 Rxe5 27. dxe5 Qe6 28. Re1 Re8 29. h3 Nc4 30. Nxc4 dxc4 31. Qf3 Rd8 32. Kh2 0-1

[Event "Las Palmas-07"]
[Site "Las Palmas"]
[Date "1978.??.??"]
[Round "1"]
[White "Diez del Corral, Jesus"]
[Black "Westerinen, Heikki MJ"]
[Result "1/2-1/2"]
[WhiteElo "2360"]
[BlackElo "2450"]
[PlyCount "71"]
[EventDate "1978.04.??"]
[EventType "tourn"]
[EventRounds "15"]
[EventCountry "ESP"]
[EventCategory "10"]
[SourceTitle "EXT 1999"]
[Source "ChessBase"]
[SourceDate "1998.11.16"]
[SourceVersion "1"]
[SourceVersionDate "1998.11.16"]
[SourceQuality "1"]

1. d4 Nf6 2. c4 g6 3. Nc3 Bg7 4. e4 d6 5. f3 0-0 6. Nge2 Nc6 7. d5 Ne5 8. Nd4 c6 9. Be3 Bd7 10. Be2 cxd5 11. cxd5 Rc8 12. 0-0 a6 13. Qd2 Nc4 14. Bxc4 Rxc4 15. Nce2 Qc7 16. b3 Rc5 17. Rac1 Rc8 18. a4 e5 19. dxe6 fxe6 20. b4 Rxc1 21. Rxc1 Qd8 22. a5 e5 23. Nc2 Be6 24. Bb6 Qd7 25. Ne3 Rxc1+ 26. Nxc1 d5 27. exd5 Nxd5 28. Nxd5 Qxd5 29. Qxd5 Bxd5 30. Ne2 Kf7 31. Nc3 Ke6 32. Kf2 Bc4 33. Bc5 Bh6 34. Ne4 Bd5 35. Be3 Bf8 36. Bc5 1/2-1/2